[Event "RUS-ch U26"]
[Site "Saratov"]
[Date "2013.09.29"]
[Round "6"]
[White "Sadykov, Ramil"]
[Black "Tyapkin, Vladimir"]
[Result "1-0"]
[WhiteElo "2251"]
[BlackElo "2089"]
[PlyCount "51"]
[EventDate "2013.09.24"]
[EventType "swiss"]
[EventRounds "9"]
[EventCountry "RUS"]
[SourceTitle "EXT 2015"]
[Source "ChessBase"]
[SourceDate "2014.11.20"]
[SourceVersion "1"]
[SourceVersionDate "2014.11.20"]
[SourceQuality "1"]

1. e4 c5 2. Nf3 e6 3. d4 cxd4 4. Nxd4 a6 5. Nc3 Qc7 6. g3 Nf6 7. Bg2 Nc6 8. 0-0 Nxd4 9. Qxd4 Bc5 10. Bf4 d6 11. Qd2 e5 12. Bg5 Be6 13. Bxf6 gxf6 14. Qh6 Ke7 15. Kh1 Rag8 16. f4 Rg6 17. Qh4 exf4 18. gxf4 Rhg8 19. f5 Rxg2 20. fxe6 fxe6 21. Qxf6+ Kd7 22. Ne2 Kc6 23. Nf4 Rxc2 24. Qxe6 Qg7 25. Qd5+ Kd7 26. Qxb7+ 1-0

[Event "Saratov region op"]
[Site "Saratov"]
[Date "2008.06.02"]
[Round "4"]
[White "Tyapkin, Vladimir"]
[Black "Lebedev, Sergey"]
[Result "0-1"]
[WhiteElo "2071"]
[BlackElo "2338"]
[PlyCount "50"]
[EventDate "2008.05.30"]
[EventType "swiss"]
[EventRounds "9"]
[EventCountry "RUS"]
[SourceTitle "CBM 124 Extra"]
[Source "ChessBase"]
[SourceDate "2008.07.03"]
[SourceVersion "1"]
[SourceVersionDate "2008.07.03"]
[SourceQuality "1"]

1. d4 d5 2. Nf3 Nf6 3. c4 e6 4. e3 Nc6 5. Nc3 Bb4 6. a3 Bxc3+ 7. bxc3 0-0 8. Qc2 Na5 9. cxd5 exd5 10. Bd3 Bg4 11. Ne5 Bh5 12. 0-0 Bg6 13. Nxg6 hxg6 14. f3 c5 15. e4 dxe4 16. fxe4 cxd4 17. Bg5 dxc3 18. Kh1 Qd4 19. e5 Nd5 20. Rae1 Qg4 21. Bc1 Qe6 22. Re4 Rac8 23. Rf3 Nc6 24. Qe2 Rfe8 25. Rf1 Nxe5 0-1

[Event "Saratov Aratovsky Memorial 6th"]
[Site "Saratov"]
[Date "2006.11.30"]
[Round "4"]
[White "Kim, Alexey"]
[Black "Tyapkin, Vladimir"]
[Result "1-0"]
[WhiteElo "2428"]
[BlackElo "2099"]
[PlyCount "45"]
[EventDate "2006.11.27"]
[EventType "swiss"]
[EventRounds "9"]
[EventCountry "RUS"]
[SourceTitle "EXT 2008"]
[Source "ChessBase"]
[SourceDate "2007.11.25"]
[SourceVersion "1"]
[SourceVersionDate "2007.11.25"]
[SourceQuality "1"]

1. e4 c5 2. Nf3 e6 3. c4 Nc6 4. Nc3 Qc7 5. Be2 Nf6 6. d4 cxd4 7. Nxd4 a6 8. 0-0 Be7 9. Be3 0-0 10. Rc1 d6 11. Nd5 Qd8 12. Nxe7+ Qxe7 13. Bd3 Ne5 14. Bb1 Rd8 15. Re1 Nfg4 16. Bf4 h5 17. h3 Ng6 18. Bd2 Nf6 19. Bg5 Nf8 20. Qxh5 N8h7 21. Qh4 Nxg5 22. Qxg5 Qc7 23. Red1 1-0